| 000 | 00910nam a22002297a 4500 | ||
|---|---|---|---|
| 003 | BD-DhUL | ||
| 005 | 20170808154203.0 | ||
| 008 | 170808s1999 ii p|||| |||| 001 0 eng d | ||
| 020 | _a8172159838 | ||
| 040 |
_aBD-DhUL _cBD-DhUL |
||
| 082 |
_a891.444 _bTAB |
||
| 100 | 0 | _aঠাকুর, অবনীন্দ্রনাথ | |
| 245 | 0 |
_aবাগীশ্বরী শিল্প প্রবন্ধাবলী / _c অবনীন্দ্রনাথ ঠাকুর |
|
| 250 | _a১ম আনন্দ | ||
| 260 |
_aকলকাতা : _bআনন্দ, _c1999. _c2015. |
||
| 300 |
_a[৮], ৩০৯ পৃ. : _bসম্মুখ চিত্র ; _c২২ সেমি |
||
| 365 |
_aRS _b250.00 |
||
| 500 | _aগ্রন্থপঞ্জিগত তথ্য সংবলিত | ||
| 650 | 0 | _aবাংলা প্রবন্ধ | |
| 650 | 0 | _aBangali literature | |
| 942 |
_2ddc _cBK |
||
| 999 |
_c213230 _d213230 |
||